000 03732cam a22003615a 4500
001 L156104
008 090303s2012 xxk f 001 0 eng d
020 _a9781842197684
035 _a(Sirsi) u156104
041 0 _aeng
050 0 4 _a692.3095
110 2 _aRoyal Institution of Chartered Surveyors
_94900
240 _aNRM 1
245 0 0 _aNRM 1
_bRICS new rules of measurement
_border of cost estimating cost planning for capital building works
_c[old edition]
250 _a2nd
260 _aCoventry,
_bRICS,
_c2012
300 _aviii, 383p.
_bill.
_c30cm.
350 _a45
490 0 _aRICS Guidance Note
505 2 _aForeword -- Introduction -- Part 1, general: introduction; order of cost estimating and elemental cost planning in context with the RIBA Plan of Work and OGC Gateway Process; symbols, abbreviations and definitions
505 2 _aPart 2, measurement rules for order of cost estimating: introduction; purpose of an order of cost estimate; information requirements for order of cost estimates; constituents of an order of cost estimate; measurement rules for building works; elemental method; unit rates and element unit rates (EURs) used to estimate the cost of building works; updating unit rates and other costs to current estimate base date; cost estimate for main constractor's preliminaries; cost estimate for main contractor's overheads and profit; project/design team fees; other development/project costs; risk allowances; inflation; Value Added Tax (VAT) assessment; other considerations; reporting of order of cost estimates
505 2 _aPart 3, measurement rules for elemental cost planning: introduction; purpose of elemental cost planning; constituents of an elemental cost plan; formal cost planning stages; reviewing and approving cost plans; cost control in procurement; building projects comprising multiple buildings; information requirements for formal cost plans; format, structure and content of elemental cost plans; measurement rules for building works; unit rates used to estimate the cost of building works; updating unit rates and other costs to current estimate base date; cost estimate for main contractor's preliminaries; cost estimate for main contractor's overheads and profit; project/design team fees; other development/project costs; risk allowances; inflation; Value Added Tax (VAT) assessment; other considerations; reporting of elemental cost plans
505 2 _aPart 4, tabulated rules of measurement for elemental cost planning: introduction; use of tabulated rules of mesurement for elemental cost planning; work not covered by the rules of measurement for elemental cost planning; method of codifying elemental cost plans; method of codifying elemental cost plans for works packages; tables -- Appendices -- Bibliography -- Index
520 _aProvides fundamental guidance on the quantification of building works for the purpose of preparing cost estimates and cost plans. Also provides direction on how to quantify other items forming part of the cost of a construction project, but which are not reflected in the measurable building work items (e.g. preliminaries, overheads and profit, project team and design team fees, risk allowances, inflation etc.). Although the Rules are based on UK practice, the requirements for a coordinated set of rules and underlying philosophy behind each section have worldwide application.
520 _aSuperseded by 3rd edition, October 2021 (ISBN 9781783214242)
521 _aAdvanced
650 2 4 _aRICS NEW RULES OF MEASUREMENT
650 2 4 _aNEW RULES OF MEASUREMENT 1
651 4 _aInternational
690 _aCost management
_96233
690 _aConstruction management
_96230
942 _n0
_2ddc
999 _c114034
_d114034